[Event "Nachod op 11th"]
[Site "Nachod"]
[Date "2013.07.03"]
[Round "5"]
[White "Zizka, Jan"]
[Black "Krticka, Vaclav"]
[Result "1/2-1/2"]
[WhiteElo "1888"]
[BlackElo "1661"]
[PlyCount "31"]
[EventDate "2013.06.29"]
[EventType "swiss"]
[EventRounds "9"]
[EventCountry "CZE"]
[SourceTitle "CBM 155 Extra"]
[Source "ChessBase"]
[SourceDate "2013.08.26"]
[SourceVersion "1"]
[SourceVersionDate "2013.08.26"]
[SourceQuality "1"]

1. e4 e5 2. Nf3 Nc6 3. Bc4 Bc5 4. 0-0 Nf6 5. d4 Bxd4 6. Nxd4 Nxd4 7. Bg5 h6 8. Bh4 0-0 9. f4 d6 10. Nc3 Nc6 11. fxe5 dxe5 12. Bxf6 gxf6 13. Qh5 Be6 14. Bxe6 fxe6 15. Qg6+ Kh8 16. Qxh6+ 1/2-1/2